000 00363nam a2200121Ia 4500
008 220216s9999 xx 000 0 und d
100 _aGoy R S
245 0 _aTyre cord fatigue and fatigue testing
260 _bProceedings of the 3rd Rubber Technology Conference, London, 1954; p496-511
650 _aFatigue testing
650 _aTyre cord fatigue
942 _cJS
999 _c71641
_d71641